000 00457nam a2200181Ia 4500
003 GCL
008 140319s9999 xx 000 0 eng d
040 _aGCL /
_cGCL
082 0 4 _aCH
_b784.6
_bP M
100 1 _aPETER HADDOCK LTD
245 1 0 _aMY FIRST BOOK OF NURSES RHYMES /
_cPETER HADDOCK LTD
260 _a[S.N] :
_bPETER HODDOCK PUBLISHING
650 0 4 _aREADING
650 0 4 _aCHILDREN
650 0 4 _aFOLKLORE
650 0 4 _aTALES
942 _2ddc
_cBK
999 _c17745
_d17745